000 00755nam a2200253Ia 4500
003 OSt
005 20220926005246.0
006 a|||||r|||| 00| 0
007 ta
008 220923b |||||||| |||| 00| 0 eng d
020 _a8178292491
037 _cGeneral Book
040 _aRTL
_cRTL
_beng
041 _2eng
_aeng
082 _aX9(D65,45).2.P, P3
100 _aButcher Melissa
_9309854
245 0 _aTransnational television, cultural identity and change
260 _a New Delhi
_bSage Publishers India
_c2003
300 _a321p
_ccm.
500 _aBibliography: P 304-14; Appendix: P 293-303
650 _aMechnical
_9240975
942 _hX9(D65,45).2.P, P3
_cGB
_2CC
999 _c613327
_d613327